[Event "Chess24 Banter Blitz Cup"]
[Site "chess24.com INT"]
[Date "2019.10.07"]
[Round "1.1"]
[White "Felgaer, Ruben"]
[Black "Donchenko, Alexander"]
[Result "1/2-1/2"]
[WhiteTitle "GM"]
[BlackTitle "GM"]
[WhiteElo "2560"]
[BlackElo "2631"]
[WhiteFideId "107069"]
[BlackFideId "24603295"]
[EventDate "2019.09.25"]
[EventType "blitz"]

1. e4 c6 2. Nc3 d5 3. Nf3 dxe4 4. Nxe4 Nf6 5. Qe2 Nxe4 6. Qxe4 Nd7 7. d4 Nf6 8.
Qd3 g6 9. Bf4 Bf5 10. Qd2 Bg7 11. Be2 O-O 12. O-O Ne4 13. Qe3 Nf6 14. Qd2 Ne4
15. Qe3 Nf6 16. Bg5 Nd5 17. Qd2 Re8 18. c3 Qd6 19. Rfe1 Rad8 20. h3 a6 21. Rad1
Qc7 22. Qc1 c5 23. dxc5 Qxc5 24. a3 Nf6 25. Bh6 Ne4 26. Be3 Qc7 27. Nd4 Bc8 28.
Bf3 Nf6 29. Bg5 e5 30. Nc2 Rxd1 31. Rxd1 e4 32. Be2 Rd8 33. Ne3 Be6 34. Rxd8+
Qxd8 35. Qd1 Qxd1+ 36. Bxd1 Nd7 37. Bf4 Nc5 38. Bc2 Nd3 39. Bd6 Nxb2 40. Bxe4 b6
41. Bb7 a5 42. Bc7 Bxc3 43. Bxb6 Nc4 44. Nxc4 Bxc4 45. Bc5 a4 1/2-1/2

[Event "Chess24 Banter Blitz Cup"]
[Site "chess24.com INT"]
[Date "2019.10.07"]
[Round "1.2"]
[White "Donchenko, Alexander"]
[Black "Felgaer, Ruben"]
[Result "1/2-1/2"]
[WhiteTitle "GM"]
[BlackTitle "GM"]
[WhiteElo "2631"]
[BlackElo "2560"]
[WhiteFideId "24603295"]
[BlackFideId "107069"]
[EventDate "2019.09.25"]
[EventType "blitz"]

1. d4 d5 2. c4 c6 3. Nf3 Nf6 4. e3 Bg4 5. h3 Bxf3 6. Qxf3 e6 7. Bd3 Bd6 8. Nc3
O-O 9. O-O Nbd7 10. e4 e5 11. Be3 dxe4 12. Nxe4 Nxe4 13. Bxe4 Nf6 14. Bc2 Re8
15. Rad1 e4 16. Qe2 Qe7 17. Rfe1 h6 18. a3 Rad8 19. b4 Bb8 20. Bb3 Qc7 21. g3
Qe7 22. d5 cxd5 23. cxd5 Rc8 24. Bc5 Bd6 25. Bd4 a6 26. Rc1 Be5 27. Bc5 Bd6 28.
Bb6 Qe5 29. Qd2 Qf5 30. Rxc8 Rxc8 31. Kh2 h5 32. Bc5 Be5 33. h4 Rd8 34. d6 e3
35. Bxe3 Rxd6 36. Qc2 Ng4+ 37. Kg2 Nxe3+ 38. Rxe3 Qxc2 39. Bxc2 Re6 40. Bb3 Re7
41. f4 Bf6 42. Rxe7 Bxe7 43. Bd5 b6 44. Bb7 a5 45. bxa5 bxa5 46. a4 g6 47. Ba6
Kg7 48. Bb5 f5 49. Bc4 Bb4 50. Bb5 Bc5 51. Kf3 Bb4 52. Kg2 Ba3 53. Bc4 Bc1 54.
Bb5 Kf6 55. Bc4 Bb2 56. Bb5 Ba3 57. Bc6 Bb4 1/2-1/2

[Event "Chess24 Banter Blitz Cup"]
[Site "chess24.com INT"]
[Date "2019.10.07"]
[Round "1.3"]
[White "Felgaer, Ruben"]
[Black "Donchenko, Alexander"]
[Result "1-0"]
[WhiteTitle "GM"]
[BlackTitle "GM"]
[WhiteElo "2560"]
[BlackElo "2631"]
[WhiteFideId "107069"]
[BlackFideId "24603295"]
[EventDate "2019.09.25"]
[EventType "blitz"]

1. e4 c6 2. d4 d5 3. e5 Bf5 4. Be3 e6 5. c3 Nd7 6. Nd2 Be7 7. f4 h5 8. Be2 h4 9.
Ngf3 Nh6 10. h3 c5 11. O-O Bh7 12. Bf2 Nf5 13. Nb3 Rc8 14. Rc1 c4 15. Na1 b5 16.
Nc2 a5 17. a3 Rb8 18. Qe1 Bg6 19. Ne3 Nxe3 20. Bxe3 Bh5 21. Bf2 Bxf3 22. Bxf3 g6
23. Ra1 Rb7 24. Kh1 Nb8 25. Bg4 Nc6 26. Bd1 Qb6 27. Bc2 Kd7 28. Qd2 Bd8 29. Rfb1
Be7 30. Be3 Rhb8 31. Bf2 Ke8 32. Qe1 Qd8 33. Qd2 Kf8 34. Qe1 Kg7 35. Kh2 Rb6 36.
Kh1 b4 37. axb4 axb4 38. Ba4 bxc3 39. bxc3 Na5 40. Rxb6 Rxb6 41. Bc2 Nb3 42. Ra7
Kf8 43. Kh2 Qb8 44. Rxe7 Kxe7 45. Bxh4+ Kd7 46. Bf6 Qf8 47. Qh4 Nd2 48. Ba4+ Kc7
49. Be7 Qa8 50. Bd6+ Rxd6 51. Qe7+ Kb8 52. exd6 1-0

[Event "Chess24 Banter Blitz Cup"]
[Site "chess24.com INT"]
[Date "2019.10.07"]
[Round "1.4"]
[White "Donchenko, Alexander"]
[Black "Felgaer, Ruben"]
[Result "1-0"]
[WhiteTitle "GM"]
[BlackTitle "GM"]
[WhiteElo "2631"]
[BlackElo "2560"]
[WhiteFideId "24603295"]
[BlackFideId "107069"]
[EventDate "2019.09.25"]
[EventType "blitz"]

1. Nf3 c5 2. c3 d5 3. d4 cxd4 4. cxd4 Nc6 5. Nc3 Nf6 6. Bf4 Bf5 7. e3 e6 8. Bb5
Nd7 9. O-O Be7 10. Rc1 O-O 11. a3 Rc8 12. h3 a6 13. Bd3 Bxd3 14. Qxd3 Nb6 15.
Nd2 Na5 16. Rc2 Nac4 17. Rfc1 Nxd2 18. Qxd2 Qd7 19. Ne2 Rxc2 20. Rxc2 Rc8 21.
Nc1 h6 22. Nd3 Rc6 23. Ne5 Rxc2 24. Qxc2 Qc8 25. Qxc8+ Nxc8 26. Nd3 Nb6 27. Kf1
Kf8 28. Ke2 Ke8 29. g4 f6 30. Bc7 Nc4 31. Kd1 Kd7 32. Bg3 Kc6 33. a4 b5 34. b3
Na5 35. axb5+ axb5 36. Kc2 Kd7 37. Nf4 Nc6 38. Nh5 Bf8 39. f3 Nb4+ 40. Kc3 Nc6
41. Bf2 Bb4+ 42. Kc2 Bf8 43. Be1 Nd8 44. Ba5 Nc6 45. Bc3 Nd8 46. e4 Nc6 47. Kd3
Kc7 48. Nf4 dxe4+ 49. fxe4 Kd7 50. d5 exd5 51. exd5 Nd8 52. Ke4 Bd6 53. Nh5 Bf8
54. Kf5 b4 55. Bd2 Nb7 56. Kg6 Na5 57. Nxg7 Nxb3 58. Bxh6 Nd4 59. Be3 Nc2 60.
Bc1 b3 61. Bb2 Ne1 62. h4 Nd3 63. Bxf6 Nf4+ 64. Kf7 Nxd5 65. Bb2 Be7 66. h5 Bg5
67. Kg6 Bd2 68. h6 Bxh6 69. Kxh6 Ne3 70. g5 Ke7 71. g6 Kf8 72. Nh5 Ng4+ 73. Kg5
Nf2 74. g7+ Kg8 75. Kg6 Ng4 76. Bd4 b2 77. Bxb2 Ne5+ 78. Kg5 Nf7+ 79. Kf6 Nh6
80. Kg6 Ng4 81. Bd4 Ne5+ 82. Kf5 1-0

[Event "Chess24 Banter Blitz Cup"]
[Site "chess24.com INT"]
[Date "2019.10.07"]
[Round "1.5"]
[White "Felgaer, Ruben"]
[Black "Donchenko, Alexander"]
[Result "0-1"]
[WhiteTitle "GM"]
[BlackTitle "GM"]
[WhiteElo "2560"]
[BlackElo "2631"]
[WhiteFideId "107069"]
[BlackFideId "24603295"]
[EventDate "2019.09.25"]
[EventType "blitz"]

1. e4 c6 2. Ne2 d5 3. e5 Bf5 4. Ng3 Bg6 5. h4 h5 6. e6 fxe6 7. d4 Qd6 8. Bd3
Bxd3 9. Qxd3 Nd7 10. O-O O-O-O 11. Nd2 Ngf6 12. Nf3 e5 13. dxe5 Nxe5 14. Qf5+
Nfd7 15. Ng5 g6 16. Qh3 Bh6 17. Re1 Kb8 18. Ne2 Bxg5 19. Bxg5 Nf7 20. Bf4 e5 21.
Bh2 Ka8 22. Nd4 Rde8 23. Nf3 Nf6 24. c4 Ng4 25. cxd5 cxd5 26. Rad1 Qb6 27. Bg3
d4 28. Nh2 Nfh6 29. Nf3 Qb5 30. a4 Qa5 31. b4 Qxa4 32. Nxe5 Nxe5 33. Bxe5 Rxe5
34. Qg3 Rxe1+ 35. Rxe1 Ng4 36. Qf4 Re8 37. Rc1 Qxb4 38. Qe4 Rb8 39. Qxg6 Nxf2
40. Qxh5 Qd2 41. Rf1 Ne4 42. Qf3 Qe3+ 43. Qxe3 dxe3 44. Re1 b5 45. Rxe3 Nd6 46.
Rd3 Rb6 47. g4 b4 48. h5 b3 49. Rd1 b2 50. Rb1 Nc4 51. g5 Nd2 52. h6 Nxb1 53. h7
Rb8 54. g6 Nd2 55. g7 b1=Q+ 0-1

[Event "Chess24 Banter Blitz Cup"]
[Site "chess24.com INT"]
[Date "2019.10.07"]
[Round "1.6"]
[White "Donchenko, Alexander"]
[Black "Felgaer, Ruben"]
[Result "0-1"]
[WhiteTitle "GM"]
[BlackTitle "GM"]
[WhiteElo "2631"]
[BlackElo "2560"]
[WhiteFideId "24603295"]
[BlackFideId "107069"]
[EventDate "2019.09.25"]
[EventType "blitz"]

1. Nf3 d5 2. g3 Nc6 3. d4 Bf5 4. Bg2 Nb4 5. Na3 e6 6. O-O Nf6 7. c3 Na6 8. Nc2
Be7 9. Re1 O-O 10. Nh4 Be4 11. f3 Bxc2 12. Qxc2 Nd7 13. e4 Bxh4 14. gxh4 Qxh4
15. Bd2 c6 16. Kh1 Nc7 17. Rg1 Kh8 18. Be1 Qh6 19. Bg3 Ne8 20. e5 f5 21. Be1 g5
22. Bd2 f4 23. Bf1 Ng7 24. Bd3 Nf5 25. Rg2 Rf7 26. Rag1 Ng3+ 27. Rxg3 fxg3 28.
Rxg3 Rg8 29. Kg2 Nf8 30. Qc1 Ng6 31. Bxg5 Nh4+ 32. Kh1 Qh5 33. Qg1 Rxg5 34. Rxg5
Qxf3+ 35. Rg2 Nxg2 0-1

[Event "Chess24 Banter Blitz Cup"]
[Site "chess24.com INT"]
[Date "2019.10.07"]
[Round "1.7"]
[White "Felgaer, Ruben"]
[Black "Donchenko, Alexander"]
[Result "0-1"]
[WhiteTitle "GM"]
[BlackTitle "GM"]
[WhiteElo "2560"]
[BlackElo "2631"]
[WhiteFideId "107069"]
[BlackFideId "24603295"]
[EventDate "2019.09.25"]
[EventType "blitz"]

1. e4 c6 2. Nc3 d5 3. Nf3 dxe4 4. Nxe4 Nf6 5. Qe2 Nxe4 6. Qxe4 Nd7 7. d4 Nf6 8.
Qh4 Bf5 9. c3 e6 10. Be2 Be7 11. O-O O-O 12. Re1 h6 13. Ne5 c5 14. Qg3 Ne4 15.
Qe3 cxd4 16. cxd4 Nf6 17. Bf3 Nd5 18. Qb3 Qa5 19. Be3 Qb4 20. Bxd5 exd5 21. Qxd5
Be6 22. Qf3 Qxb2 23. d5 Qxe5 24. dxe6 Qxe6 25. Bc5 Bxc5 26. Rxe6 fxe6 27. Qxb7
Bxf2+ 28. Kh1 Bb6 29. g3 Rae8 30. Qd7 e5 31. Re1 Kh8 32. Qd5 Bd4 33. a4 Rf2 34.
a5 Rc8 35. Rb1 Re8 36. Qc6 Ref8 37. Qe4 Re8 38. a6 Rf6 39. Rb7 Rxa6 40. Qg4 Rg8
41. Kg2 Rf6 42. Qe4 Rf2+ 43. Kh1 Rf6 44. Rc7 Rf2 45. Rb7 Rc8 46. Rb1 Rfc2 47.
Qf5 R2c3 48. Qg6 R3c6 49. Qf5 Re8 50. Qe4 Rf6 51. Qd5 Ref8 52. Qb5 Re6 53. Qd3
Bb6 54. Qe4 Re7 55. Qd5 e4 56. Qd6 Rfe8 57. Rxb6 axb6 58. Qxb6 e3 59. Qb2 e2 60.
Qxe2 Rxe2 0-1

[Event "Chess24 Banter Blitz Cup"]
[Site "chess24.com INT"]
[Date "2019.10.07"]
[Round "1.8"]
[White "Donchenko, Alexander"]
[Black "Felgaer, Ruben"]
[Result "1-0"]
[WhiteTitle "GM"]
[BlackTitle "GM"]
[WhiteElo "2631"]
[BlackElo "2560"]
[WhiteFideId "24603295"]
[BlackFideId "107069"]
[EventDate "2019.09.25"]
[EventType "blitz"]

1. Nf3 d5 2. g3 Nc6 3. d4 Bf5 4. Bg2 Nb4 5. Na3 e6 6. O-O Nf6 7. c3 Na6 8. Nc2
Be7 9. Re1 O-O 10. Nd2 c6 11. e4 dxe4 12. Nxe4 Nxe4 13. Bxe4 Bxe4 14. Rxe4 Nc7
15. Re1 Nd5 16. Qe2 Qc7 17. Bd2 Bf6 18. Ne3 Rfd8 19. Ng4 Be7 20. Ne5 Bf6 21. Ng4
Be7 22. h4 h5 23. Ne5 g6 24. c4 Nf6 25. Nxf7 Rxd4 26. Ng5 Qd7 27. Bc3 Rg4 28.
Rad1 Qc8 29. Qc2 Qe8 30. Rxe6 1-0

[Event "Chess24 Banter Blitz Cup"]
[Site "chess24.com INT"]
[Date "2019.10.07"]
[Round "1.9"]
[White "Felgaer, Ruben"]
[Black "Donchenko, Alexander"]
[Result "0-1"]
[WhiteTitle "GM"]
[BlackTitle "GM"]
[WhiteElo "2560"]
[BlackElo "2631"]
[WhiteFideId "107069"]
[BlackFideId "24603295"]
[EventDate "2019.09.25"]
[EventType "blitz"]

1. e4 c6 2. d4 d5 3. e5 Bf5 4. Be3 e6 5. c3 Nd7 6. Nd2 Be7 7. f4 h5 8. Be2 h4 9.
Ngf3 Nh6 10. h3 Bg6 11. O-O Nf5 12. Bf2 c5 13. c4 dxc4 14. Nxc4 cxd4 15. Nxd4
Nxd4 16. Qxd4 O-O 17. Rad1 Nb6 18. Nd6 Bxd6 19. Qxd6 Qxd6 20. Rxd6 Nd5 21. Bxh4
Ne3 22. Bf3 Nxf1 23. Kxf1 Rac8 24. Rd7 Rc1+ 25. Kf2 Rc2+ 26. Kg3 Rxb2 27. a4 Rb4
28. a5 Rb5 29. a6 bxa6 30. Rxa7 Ra5 31. Be7 Re8 32. Bd6 Ra1 33. Kh4 Re1 34. Rxa6
Be4 35. Bxe4 Rxe4 36. g3 Rc4 37. Ra7 Rec8 38. Kg4 Rc3 39. h4 Rb3 40. Bc7 Re8 41.
Bd6 Rc8 42. Bc7 Kh7 43. h5 Rc3 44. Kh4 R3xc7 45. Ra6 Rc6 46. Ra7 Kg8 47. g4 Rc3
48. Kg5 Rg3 49. h6 gxh6+ 50. Kf6 Rxg4 51. Rxf7 Rxf4+ 52. Kg6 Rxf7 53. Kxh6 Rg7 0-1

[Event "Chess24 Banter Blitz Cup"]
[Site "chess24.com INT"]
[Date "2019.10.07"]
[Round "1.10"]
[White "Donchenko, Alexander"]
[Black "Felgaer, Ruben"]
[Result "1-0"]
[WhiteTitle "GM"]
[BlackTitle "GM"]
[WhiteElo "2631"]
[BlackElo "2560"]
[WhiteFideId "24603295"]
[BlackFideId "107069"]
[EventDate "2019.09.25"]
[EventType "blitz"]

1. d4 c5 2. d5 g6 3. c4 Bg7 4. Nc3 d6 5. e4 e6 6. Nf3 Ne7 7. Bd3 O-O 8. O-O Nd7
9. Bf4 e5 10. Be3 h6 11. Qd2 Kh7 12. a3 f5 13. exf5 gxf5 14. Nh4 Nf6 15. h3 e4
16. Bc2 a6 17. a4 Qe8 18. g3 Qf7 19. Ne2 Ng6 20. Nxg6 Qxg6 21. Nf4 Qf7 22. Rab1
a5 23. Kg2 Nh5 24. Nxh5 Qxh5 25. Bf4 Qg6 26. f3 Bd7 27. Rbe1 Rae8 28. b3 b6 29.
Re2 exf3+ 30. Rxf3 Rxe2+ 31. Qxe2 Re8 32. Re3 Rxe3 33. Qxe3 Qf6 34. Qd2 Kg8 35.
Kh2 Kf8 36. Bd1 Be8 37. Bf3 Bf7 38. Qe3 Bg6 39. h4 Bf7 40. Bg2 Be8 41. Bh3 Bd7
42. Qd2 h5 43. Bg2 Qd4 44. Qe2 Be5 45. Bh6+ Ke7 46. Bg5+ Kf8 47. Qxh5 Qf2 48.
Qh6+ Ke8 49. Bf4 Bxf4 50. gxf4 Kd8 51. Qg5+ Kc7 52. h5 Be8 53. h6 Bg6 54. Qxg6
Qh4+ 55. Kg1 Qe1+ 56. Bf1 Qe3+ 57. Kh1 Qf3+ 58. Bg2 Qd1+ 59. Kh2 1-0

[Event "Chess24 Banter Blitz Cup"]
[Site "chess24.com INT"]
[Date "2019.10.07"]
[Round "1.12"]
[White "Donchenko, Alexander"]
[Black "Felgaer, Ruben"]
[Result "0-1"]
[WhiteTitle "GM"]
[BlackTitle "GM"]
[WhiteElo "2631"]
[BlackElo "2560"]
[WhiteFideId "24603295"]
[BlackFideId "107069"]
[EventDate "2019.09.25"]
[EventType "blitz"]

1. d4 d5 2. c4 c6 3. Nf3 Nf6 4. Qc2 dxc4 5. Qxc4 Bf5 6. g3 e6 7. Bg2 Nbd7 8. O-O
Be7 9. e3 O-O 10. Qe2 Qa5 11. Nc3 Ne4 12. Bd2 Bb4 13. Nxe4 Bxe4 14. Bxb4 Qxb4
15. a3 Qb6 16. Ne5 Nxe5 17. Bxe4 Nd7 18. Rfc1 a5 19. Rc2 Nf6 20. Bf3 Rfe8 21.
Rac1 e5 22. dxe5 Rxe5 23. Rd2 Rae8 24. Rcd1 h5 25. h4 g6 26. Kg2 Kg7 27. Qc4
R5e7 28. Rd6 Qxb2 29. R1d3 Re6 30. Rxe6 Rxe6 31. Rb3 Qa2 32. Qc3 Re7 33. Rb2 Qe6
34. Qxa5 Qd6 35. Qc3 Rd7 36. Rb4 Kh7 37. Rd4 Qe5 38. Rc4 Qe7 39. Rf4 Nd5 40.
Bxd5 Rxd5 41. Rb4 Rd7 42. Qb3 Kg8 43. a4 c5 44. Rb6 Qe4+ 45. Kh2 c4 46. Qb2 Rd1
47. f3 Qxf3 48. Qg2 Qxe3 49. Qxb7 Qe2+ 50. Kh3 Qg4+ 0-1

[Event "Chess24 Banter Blitz Cup"]
[Site "chess24.com INT"]
[Date "2019.10.07"]
[Round "1.13"]
[White "Felgaer, Ruben"]
[Black "Donchenko, Alexander"]
[Result "1/2-1/2"]
[WhiteTitle "GM"]
[BlackTitle "GM"]
[WhiteElo "2560"]
[BlackElo "2631"]
[WhiteFideId "107069"]
[BlackFideId "24603295"]
[EventDate "2019.09.25"]
[EventType "blitz"]

1. e4 c6 2. Ne2 d5 3. e5 Bf5 4. Ng3 Bg6 5. h4 h5 6. e6 fxe6 7. d4 Qd6 8. Bd3
Bxd3 9. Qxd3 Nd7 10. Nd2 O-O-O 11. Nf3 e5 12. dxe5 Nxe5 13. Qf5+ Nd7 14. Bf4 e5
15. Nxe5 Re8 16. O-O Rxe5 17. Rae1 Rxf5 18. Bxd6 Bxd6 19. Nxf5 Kc7 20. Re8 Be5
21. Re1 g6 22. f4 Bxb2 23. Ne7 Nxe7 24. R8xe7 Rf8 25. g3 Bf6 26. Rh7 Kd6 27. Kg2
a5 28. f5 gxf5 29. Rxh5 Bc3 30. Rf1 Ke6 31. Rh7 b5 32. Rf3 Bd4 33. Rh6+ Nf6 34.
c3 Be5 35. Re3 c5 36. Rg6 b4 37. cxb4 axb4 38. h5 c4 39. h6 c3 40. h7 Rh8 41. g4
fxg4 42. Rg5 Nd7 43. Rg6+ Nf6 44. Rg5 Nd7 45. Rg6+ Nf6 1/2-1/2

[Event "Chess24 Banter Blitz Cup"]
[Site "chess24.com INT"]
[Date "2019.10.07"]
[Round "1.1"]
[White "Maze, Sebastien"]
[Black "Mareco, Sandro"]
[Result "0-1"]
[WhiteTitle "GM"]
[BlackTitle "GM"]
[WhiteElo "2547"]
[BlackElo "2634"]
[WhiteFideId "613762"]
[BlackFideId "112275"]
[EventDate "2019.09.25"]
[EventType "blitz"]

1. e4 c5 2. Nc3 e6 3. Nf3 a6 4. d4 cxd4 5. Nxd4 Qc7 6. g3 d6 7. Bg2 Nf6 8. O-O
Be7 9. h3 O-O 10. Be3 Nc6 11. Nb3 Ne5 12. Nd2 Bd7 13. f4 Nc6 14. Nc4 b5 15. Nb6
Rab8 16. Nxd7 Nxd7 0-1

[Event "Chess24 Banter Blitz Cup"]
[Site "chess24.com INT"]
[Date "2019.10.07"]
[Round "1.2"]
[White "Mareco, Sandro"]
[Black "Maze, Sebastien"]
[Result "1-0"]
[WhiteTitle "GM"]
[BlackTitle "GM"]
[WhiteElo "2634"]
[BlackElo "2547"]
[WhiteFideId "112275"]
[BlackFideId "613762"]
[EventDate "2019.09.25"]
[EventType "blitz"]

1. d4 Nf6 2. Nf3 g6 3. Bg5 Bg7 4. Nbd2 d6 5. e4 O-O 6. c3 Nbd7 7. Bc4 e5 8. dxe5
dxe5 9. O-O c6 10. a4 Qe7 11. Qc2 Nc5 12. Rfe1 h6 13. Bh4 a5 14. Rad1 Bg4 15. h3
Bd7 16. Bf1 b5 17. axb5 cxb5 18. Nb3 Nxb3 19. Qxb3 a4 20. Qb4 Rfe8 21. Qd6 a3
22. Bxf6 Bxf6 23. Qxd7 axb2 24. Qxb5 Reb8 25. Qc4 Qa7 26. Bd3 Rc8 27. Qd5 Rxc3
28. Bb1 Rac8 29. Nxe5 Bh4 30. Ng4 h5 31. Ne3 Rc1 32. Qd2 Bf6 33. Nd5 Bd4 34. Kf1
Rxd1 35. Rxd1 Be5 36. f4 Bg7 37. e5 Bf8 38. Nf6+ Kg7 39. Qd3 Rc1 40. Nxh5+ Kh6
41. Nf6 Qa4 42. Ke2 Qxf4 43. Ng4+ Kg7 44. e6 Bc5 45. Qd2 Qg3 46. Rxc1 Qxg2+ 47.
Kd1 bxc1=Q+ 48. Qxc1 Qxh3 49. Qb2+ Kf8 50. Qb8+ Kg7 51. Qe5+ Kf8 52. Qxc5+ 1-0

[Event "Chess24 Banter Blitz Cup"]
[Site "chess24.com INT"]
[Date "2019.10.07"]
[Round "1.3"]
[White "Mareco, Sandro"]
[Black "Maze, Sebastien"]
[Result "0-1"]
[WhiteTitle "GM"]
[BlackTitle "GM"]
[WhiteElo "2634"]
[BlackElo "2547"]
[WhiteFideId "112275"]
[BlackFideId "613762"]
[EventDate "2019.09.25"]
[EventType "blitz"]

1. c4 Nf6 2. Nc3 g6 3. e4 d6 4. d4 Bg7 5. h3 O-O 6. Be3 Nc6 7. Nge2 e5 8. d5 Nd4
9. Nxd4 exd4 10. Bxd4 Nxe4 11. Bxg7 Re8 12. Be2 Kxg7 13. Qd4+ Qf6 14. Qxf6+ Kxf6
15. Nxe4+ Rxe4 16. Kd2 h5 17. Bd3 Re8 18. Rhe1 Bd7 19. Kc3 h4 20. b4 a5 21. a3
Rxe1 22. Rxe1 axb4+ 23. axb4 Ra3+ 24. Kd4 Ra2 25. Re2 Rxe2 26. Bxe2 b6 27. c5
bxc5+ 28. bxc5 g5 29. c6 Bc8 30. Bg4 Ba6 31. Ke4 Bf1 32. Bf3 Kg6 33. Kd4 f5 34.
Ke3 Kf6 35. Kd4 g4 36. hxg4 fxg4 37. Bxg4 Bxg2 38. Ke3 0-1

[Event "Chess24 Banter Blitz Cup"]
[Site "chess24.com INT"]
[Date "2019.10.07"]
[Round "1.4"]
[White "Maze, Sebastien"]
[Black "Mareco, Sandro"]
[Result "1-0"]
[WhiteTitle "GM"]
[BlackTitle "GM"]
[WhiteElo "2547"]
[BlackElo "2634"]
[WhiteFideId "613762"]
[BlackFideId "112275"]
[EventDate "2019.09.25"]
[EventType "blitz"]

1. Nf3 d5 2. g3 Nf6 3. Bg2 e6 4. d3 Be7 5. O-O O-O 6. Nbd2 c5 7. e4 Nc6 8. Qe2
Qc7 9. e5 Nd7 10. Re1 b5 11. Nf1 Bb7 12. h4 Rfc8 13. Bf4 a5 14. N1h2 a4 15. a3
b4 16. Ng5 Nd4 17. Qh5 Bxg5 18. hxg5 Nxc2 19. Ng4 Qd8 20. Nf6+ gxf6 21. gxf6
Nxf6 22. Qg5+ Kh8 23. exf6 Qg8 24. Qh4 Qg6 25. Re5 Rg8 26. Rc1 Nd4 27. Rxc5 Qxd3
28. Rc7 Ba6 29. Rxf7 Qg6 30. Rg7 Rxg7 31. fxg7+ Kg8 32. Rg5 Qb1+ 33. Kh2 Ne2 34.
Be5 Qg1+ 35. Kh3 Qxf2 36. Qh6 Ng1+ 37. Kh2 Nf3+ 38. Kh3 Bf1 39. Qxe6# 1-0

[Event "Chess24 Banter Blitz Cup"]
[Site "chess24.com INT"]
[Date "2019.10.07"]
[Round "1.5"]
[White "Mareco, Sandro"]
[Black "Maze, Sebastien"]
[Result "1-0"]
[WhiteTitle "GM"]
[BlackTitle "GM"]
[WhiteElo "2634"]
[BlackElo "2547"]
[WhiteFideId "112275"]
[BlackFideId "613762"]
[EventDate "2019.09.25"]
[EventType "blitz"]

1. d4 Nf6 2. Nf3 g6 3. Bg5 Bg7 4. Nbd2 d5 5. e3 O-O 6. Bd3 c6 7. O-O Bf5 8. Bxf5
gxf5 9. c4 e6 10. Qc2 Nbd7 11. Rac1 Qa5 12. a3 Ne4 13. Nxe4 fxe4 14. Nd2 f5 15.
Bf4 Kh8 16. b4 Qd8 17. b5 Rc8 18. bxc6 bxc6 19. cxd5 cxd5 20. Qa4 Nb6 21. Qxa7
Ra8 22. Qb7 Nd7 23. Rc7 Rf7 24. Rfc1 Bf8 25. h3 Kg8 26. Nb3 Rxa3 27. Rc8 Qb6 28.
R1c7 Qxb7 29. Rxb7 Ra6 30. Bh6 e5 31. Nc5 Nxc5 32. Rxf7 Kxf7 33. Rxf8+ Kg6 34.
dxc5 Kxh6 35. Rxf5 d4 36. Rxe5 d3 37. Rd5 Ra1+ 38. Kh2 Rc1 39. f3 exf3 40. gxf3
Rc3 41. Kg3 Kg6 42. Kf4 1-0

[Event "Chess24 Banter Blitz Cup"]
[Site "chess24.com INT"]
[Date "2019.10.07"]
[Round "1.6"]
[White "Maze, Sebastien"]
[Black "Mareco, Sandro"]
[Result "1-0"]
[WhiteTitle "GM"]
[BlackTitle "GM"]
[WhiteElo "2547"]
[BlackElo "2634"]
[WhiteFideId "613762"]
[BlackFideId "112275"]
[EventDate "2019.09.25"]
[EventType "blitz"]

1. Nf3 Nf6 2. c4 e6 3. Nc3 d5 4. e3 Bd6 5. b3 b6 6. Bb2 a6 7. g4 h6 8. Rg1 dxc4
9. bxc4 e5 10. g5 hxg5 11. Nxg5 Bf5 12. Qf3 Bd7 13. Qxa8 Bc6 14. Qa7 O-O 15. Nd5
Nxd5 16. cxd5 Bxd5 17. Rc1 b5 18. Be2 Qe7 19. e4 Bxa2 20. Qe3 f6 21. Nf3 c5 22.
Nh4 1-0

[Event "Chess24 Banter Blitz Cup"]
[Site "chess24.com INT"]
[Date "2019.10.07"]
[Round "1.7"]
[White "Maze, Sebastien"]
[Black "Mareco, Sandro"]
[Result "0-1"]
[WhiteTitle "GM"]
[BlackTitle "GM"]
[WhiteElo "2547"]
[BlackElo "2634"]
[WhiteFideId "613762"]
[BlackFideId "112275"]
[EventDate "2019.09.25"]
[EventType "blitz"]

1. Nf3 Nf6 2. c4 e6 3. Nc3 d5 4. e3 a6 5. b3 b6 6. Bb2 Bb7 7. Rg1 Be7 8. g4 O-O
9. g5 Ne4 10. Nxe4 dxe4 11. Ne5 Nd7 12. Nxd7 Qxd7 13. Bc3 Rfd8 14. Qh5 b5 15.
Rd1 b4 16. Bb2 g6 17. Qh4 Bf8 18. Rg3 Bg7 19. Bxg7 Kxg7 20. Qh6+ Kg8 21. Rh3 f5
22. gxf6 Rf8 23. d4 Rxf6 24. Rd2 Raf8 25. Rg3 a5 26. h4 Qf7 27. Rg2 Kh8 28. Qg5
Rf5 29. Qg3 c5 30. dxc5 Qf6 31. Be2 Rxc5 32. h5 g5 33. Qd6 Rf5 34. Bg4 Qa1+ 35.
Rd1 Qc3+ 36. Rd2 Qa1+ 37. Rd1 Qc3+ 38. Rd2 R5f6 39. Qd4 e5 40. Qd7 Bc8 41. Qe7
Bxg4 42. Rxg4 Rxf2 0-1

[Event "Chess24 Banter Blitz Cup"]
[Site "chess24.com INT"]
[Date "2019.10.07"]
[Round "1.8"]
[White "Mareco, Sandro"]
[Black "Maze, Sebastien"]
[Result "0-1"]
[WhiteTitle "GM"]
[BlackTitle "GM"]
[WhiteElo "2634"]
[BlackElo "2547"]
[WhiteFideId "112275"]
[BlackFideId "613762"]
[EventDate "2019.09.25"]
[EventType "blitz"]

1. Nf3 c5 2. e4 Nc6 3. Bb5 g6 4. Bxc6 bxc6 5. O-O Bg7 6. Re1 Nh6 7. c3 d6 8. h3
O-O 9. d4 Qb6 10. Na3 cxd4 11. cxd4 Ba6 12. b3 c5 13. Bb2 cxd4 14. Bxd4 Bxd4 15.
Qxd4 Qxd4 16. Nxd4 Rfc8 17. Rec1 Kf8 18. f3 Ng8 19. Kf2 h5 20. Ke3 h4 21. f4 Nf6
22. Nab5 Bb7 23. Nc3 Rc5 24. b4 Rc4 25. e5 dxe5 26. fxe5 Rxc3+ 27. Rxc3 Nd5+ 28.
Kd2 Nxc3 29. Kxc3 Bxg2 30. b5 Rc8+ 31. Kb4 Bd5 32. Ka5 Rc4 33. Nb3 Bg2 34. Rd1
Bxh3 35. Rd8+ Kg7 36. Ra8 Bg2 37. Rxa7 h3 38. b6 h2 39. Rc7 Rxc7 40. bxc7 Bh3 0-1

[Event "Chess24 Banter Blitz Cup"]
[Site "chess24.com INT"]
[Date "2019.10.07"]
[Round "1.9"]
[White "Maze, Sebastien"]
[Black "Mareco, Sandro"]
[Result "0-1"]
[WhiteTitle "GM"]
[BlackTitle "GM"]
[WhiteElo "2547"]
[BlackElo "2634"]
[WhiteFideId "613762"]
[BlackFideId "112275"]
[EventDate "2019.09.25"]
[EventType "blitz"]

1. Nf3 Nf6 2. c4 e6 3. e3 d5 4. b3 a6 5. Bb2 b6 6. Rg1 Bb7 7. g4 Nbd7 8. Nc3 Ne4
9. Qc2 Bb4 10. a3 Bxc3 11. Bxc3 Nxc3 12. Qxc3 O-O 13. cxd5 Bxd5 14. Be2 c5 15.
h4 b5 16. g5 Rc8 17. h5 f5 18. h6 Rf7 19. g6 hxg6 20. Rxg6 Nf6 21. Ng5 Rd7 22.
O-O-O b4 23. Qe5 c4 24. hxg7 cxb3+ 25. Kb1 Rxg7 26. Rxg7+ Kxg7 27. Rg1 Kf8 28.
Nh7+ Nxh7 29. Qg7+ Ke8 30. Qxh7 Be4+ 31. Kb2 Qxd2+ 32. Kxb3 Qc3+ 33. Ka2 Qxa3# 0-1